00642nam a2200169Ia 4500003000900000008004100009040001600050080001500066111006100081245012300142260007600265300002300341650004100364650002300405650002100428700002300449IN-BaIIA211028s9999 xx 000 0 eng d cIIA Library a52-76bINF aFourth International ConferencecFloridad1979 Dec.10-15 0aInfrared and millimeter waves and their Applicationscedited by S. Perkowitz  aNew YorkbThe Institute of Electrical and Electronics Engineeringc1979 a[various pagings.] aAstronomy and Astrophysics thesaurus aInfrared Astronomy aMillimeter waves aPerkowitz, S., ed.